00525nam a2200193Ia 450000500170000000800410001702000140005808200130007210000140008524500130009926000280011230000170014065000140015765000150017165000270018694200060021395200970021999900150031620241002032811.0240331s9999 xx 000 0 und d a041511052 bDAVa809 aDavies, T 0aHumanism aLondonbRoutledgec1997 avi, 152 p ., aCriticism aPhilosophy aHumanism in Literature cL 001040708LaWERCLbWERCLcSSCd2024-03-31l0o 809.9 DAVp2688r2024-03-31w2024-03-31yL c3151d3151